Contemporary industrialization : spatial analysis and regional development / (Record no. 38637)

MARC details
000 -LEADER
fixed length control field 00772nam a2200205 a 4500
008 - FIXED-LENGTH DATA ELEMENTS--GENERAL INFORMATION
fixed length control field 060316s1978 ||||||||||||||||| || u
020 ## - INTERNATIONAL STANDARD BOOK NUMBER
International Standard Book Number 0582485924
050 ## - LIBRARY OF CONGRESS CALL NUMBER
Classification number HC 79.D5 Con
100 ## - MAIN ENTRY--PERSONAL NAME
Personal name Hamilton, F. E. Ian
245 10 - TITLE STATEMENT
Title Contemporary industrialization : spatial analysis and regional development /
Statement of responsibility, etc. edited by F. E. Ian Hamilton
260 ## - PUBLICATION, DISTRIBUTION, ETC.
Place of publication, distribution, etc. London:
Name of publisher, distributor, etc. Longman
Date of publication, distribution, etc. 1978.
300 ## - PHYSICAL DESCRIPTION
Extent x, 203p. : ill.
350 ## - PRICE (NR) (BK AM CF MU VM SE) [OBSOLETE]
Price 0.00
500 ## - GENERAL NOTE
General note Includes bibliographies and index.
650 ## - SUBJECT ADDED ENTRY--TOPICAL TERM
Topical term or geographic name entry element INDUSTRY
650 ## - SUBJECT ADDED ENTRY--TOPICAL TERM
Topical term or geographic name entry element INDUSTRIAL LOCATION
650 ## - SUBJECT ADDED ENTRY--TOPICAL TERM
Topical term or geographic name entry element INDUSTRIALIZATION--CONGRESSES
650 ## - SUBJECT ADDED ENTRY--TOPICAL TERM
Topical term or geographic name entry element REGIONAL ECONOMICS
995 ## - RECOMMENDATION 995 [LOCAL, UNIMARC FRANCE]
-- 0.00
-- CBU-MAIN LIBRARY (Kitwe)
-- 1
-- 3.95
-- 1
-- AVAILABLE
-- Main Library Open Access Collection
Holdings
Withdrawn status Lost status Source of classification or shelving scheme Damaged status Not for loan Home library Current library Shelving location Date acquired Total Checkouts Full call number Barcode Date last seen Price effective from Koha item type
          CBU-MAIN LIBRARY, KITWE. CBU-MAIN LIBRARY, KITWE.   11/30/2022   HC 79.D5 Con 002651 11/30/2022 11/30/2022 MONOGRAPH